000 01089namaa22002291 4500
001 173860
003 ES-MaACL
005 20250824074929.0
007 t|
008 100127s1866 sp |r |||| | spa d
040 _aSpMaBN
_bspa
_cA2
100 0 _aCamprodón, Francisco.
_934301
245 1 0 _aEspinas de una flor
_b: Segunda parte de ¡Flor de un dia!! : drama en verso, en tres actos y un epílogo /
_coriginal de Francisco Camprodón.
250 _a9ª ed.
260 _aMadrid :
_b[s.n.],
_c1866 (
_fImpr. de José Rodríguez)
300 _a68 p. ;
_c19 cm.
490 1 _aEl teatro : colección de obras dramáticas y líricas
500 _aEn port.: Representado por primera vez en el teatro del Drama, en marzo de 1852.
830 0 3 _aEl teatro: colección de obras dramática y líricas
_9221753
852 _aES-MaACL
_jF-8622(12)
_z.- Enc. pasta española
_q.- Falto de la cub. original
_z.- Enc. en un vol. facticio formando parte de la col. facticia "Teatro español moderno", vol. 77 .-
_z.- Firma ms. de Gustavo Saenz Diez, 1877
999 _c173860
_d173860